=LDR 00000nam 2200000 4500 =001 INLIS000000000036688 =005 20200924085245 =035 ##$$a 0010-061300000036688 =008 200924################g##########0#ind## =041 ##$$a Ind =082 ##$$a 304.2 =090 ##$$a 304.2, Uno b =100 ##$$a Uno, Mien R =245 1#$$a Buku pintar etiket hijau, 300 cara bijak ramah lingkungan dan menghemat uang /$c Mien R. Uno =260 ##$$a Jakarta :$b Gramedia Pustaka Utama,$c 2011 =300 ##$$a 267 hlm. : $b ilus ; $c 21 x 15 cm. =650 #4$$a Lingkungan Pencemaran =850 ##$$a NBPNMAT =020 ##$$a 978-979-22-7411-0 =084 ##$$a 304.2 UNO b =250 ##$$a cet. 1 =520 ##$$a Bibliografi hlm. 269 =520 ##$$a Biografi hlm. 271-273 =990 ##$$a 21103811/pb/2011 =990 ##$$a 21103810 =990 ##$$a 21103811/pb/2011 =990 ##$$a 21103810 =990 ##$$a 21103811/pb/2011 =990 ##$$a 21103810/pb/2011 =990 ##$$a 21103811/pb/2011